LEADER 02677nam 2200673Ia 450 001 9910458419003321 005 20200520144314.0 010 $a0-19-535826-0 010 $a1-280-52744-7 010 $a1-4294-0655-0 035 $a(CKB)1000000000402872 035 $a(EBL)272446 035 $a(OCoLC)476010769 035 $a(SSID)ssj0000217978 035 $a(PQKBManifestationID)11189936 035 $a(PQKBTitleCode)TC0000217978 035 $a(PQKBWorkID)10212669 035 $a(PQKB)11552856 035 $a(MiAaPQ)EBC272446 035 $a(Au-PeEL)EBL272446 035 $a(CaPaEBR)ebr10279262 035 $a(CaONFJC)MIL52744 035 $a(OCoLC)935260701 035 $a(EXLCZ)991000000000402872 100 $a19940506d1995 uy 0 101 0 $aeng 135 $aur|n|---||||| 181 $ctxt 182 $cc 183 $acr 200 10$aParameters of Slavic morphosyntax$b[electronic resource] /$fSteven Franks 210 $aNew York $cOxford University Press$d1995 215 $a1 online resource (426 p.) 225 1 $aOxford studies in comparative syntax 300 $aDescription based upon print version of record. 311 $a0-19-508970-7 311 $a0-19-508971-5 320 $aIncludes bibliographical references (p 379-393) and indexes. 327 $aCONTENTS; 1. Introduction; 2. Matrices, Indices, and Morphosyntactic Features; 3. Across-the-Board Dependencies; 4. Quantified Structures: Russian versus Serbo-Croatian; 5. Quantified Structures: Polish and Other Puzzles; 6. Secondary Predication; 7. Null Subject Phenomena; 8. Voice Alternations; 9. Summary and Conclusions; REFERENCES; NAME INDEX; SUBJECT INDEX 330 $aThis study develops parametic solutions to related constructions among the Slavonic languages. It serves as a description of government and binding (GB) theory for Slavonic linguists, as well as an introduction to Slavonic languages for scholars of syntax. 410 0$aOxford studies in comparative syntax. 606 $aPrinciples and parameters (Linguistics) 606 $aSlavic languages$xCase 606 $aSlavic languages$xGrammar, Generative 606 $aSlavic languages$xSyntax 608 $aElectronic books. 615 0$aPrinciples and parameters (Linguistics) 615 0$aSlavic languages$xCase. 615 0$aSlavic languages$xGrammar, Generative. 615 0$aSlavic languages$xSyntax. 676 $a491.8 700 $aFranks$b Steven$0687007 801 0$bMiAaPQ 801 1$bMiAaPQ 801 2$bMiAaPQ 906 $aBOOK 912 $a9910458419003321 996 $aParameters of Slavic Morphosyntax$91272089 997 $aUNINA